[Event "IECC Swiss-518.4"]
[Site "IECC email"]
[Date "2008.06.23"]
[Round "?"]
[White "Deren, Marcin"]
[Black "Bladyko, Pawel"]
[Result "1-0"]
[WhiteElo "1615"]
[BlackElo "1712"]
[PlyCount "93"]
[EventDate "2008.??.??"]
[EventType "tourn (corr)"]
[EventRounds "1"]
[SourceTitle "Corr 2011"]
[Source "ChessBase"]
[SourceDate "2010.08.31"]
[SourceVersion "1"]
[SourceVersionDate "2010.08.31"]
[SourceQuality "1"]
[WhiteTeam "Poland"]
[BlackTeam "Poland"]
[WhiteTeamCountry "POL"]
[BlackTeamCountry "POL"]

1. e4 e5 2. Nf3 Nc6 3. Bb5 a6 4. Bxc6 dxc6 5. 0-0 Bg4 6. h3 Bh5 7. d3 Nf6 8. g4 Nxg4 9. hxg4 Bxg4 10. Nbd2 Qf6 11. Kg2 h5 12. Nc4 Bd6 13. Ne3 Be6 14. Qe2 g5 15. Nf5 Bxf5 16. exf5 0-0-0 17. Re1 g4 18. Nxe5 Rde8 19. Bf4 Re7 20. Qe4 Rhe8 21. d4 Qg7 22. f6 Qxf6 23. f3 c5 24. c3 Qe6 25. Re3 Bxe5 26. dxe5 f5 27. Qc2 h4 28. Rd1 Kb8 29. c4 b6 30. Red3 h3+ 31. Kh2 a5 32. fxg4 fxg4 33. Rd8+ Ka7 34. Qe4 Rxd8 35. Rxd8 c6 36. Kg3 Rc7 37. Rd6 Qe8 38. Rh6 Ka6 39. Kxg4 Qd7+ 40. e6 Qd1+ 41. Kf5 Rg7 42. Kf6 Rg8 43. Rxh3 Rf8+ 44. Kg7 Re8 45. Kf7 Qd8 46. e7 Rxe7+ 47. Qxe7 1-0

[Event "IECC Swiss-531"]
[Site "IECC email"]
[Date "2008.05.14"]
[Round "?"]
[White "Bladyko, Pawel"]
[Black "Von Rosenberg, Clemens"]
[Result "1-0"]
[WhiteElo "1688"]
[BlackElo "1467"]
[PlyCount "47"]
[EventDate "2008.??.??"]
[EventType "match (corr)"]
[SourceTitle "Corr 2013"]
[Source "ChessBase"]
[SourceDate "2012.11.12"]
[SourceVersion "1"]
[SourceVersionDate "2012.11.12"]
[SourceQuality "1"]
[WhiteTeam "Germany"]
[BlackTeam "Wales"]
[WhiteTeamCountry "GER"]
[BlackTeamCountry "WLS"]

1. e4 g6 2. Nc3 Bg7 3. d4 d6 4. Nf3 Bg4 5. Be3 Nf6 6. h3 Bc8 7. e5 Nfd7 8. Qd2 dxe5 9. 0-0-0 exd4 10. Bxd4 Bxd4 11. Qxd4 0-0 12. Qe3 e6 13. h4 h5 14. g4 hxg4 15. h5 gxf3 16. hxg6 Qf6 17. gxf7+ Rxf7 18. Bd3 Rg7 19. Ne4 Qe5 20. Qxf3 Nc6 21. Rh4 Nd4 22. Qh1 Kf7 23. f4 Qd5 24. Rh7 1-0

[Event "IECC Swiss-522"]
[Site "IECC email"]
[Date "2008.04.14"]
[Round "?"]
[White "Wozniak, Zbigniew"]
[Black "Bladyko, Pawel"]
[Result "1-0"]
[WhiteElo "1845"]
[BlackElo "1677"]
[PlyCount "69"]
[EventDate "2008.??.??"]
[EventType "match (corr)"]
[SourceTitle "Corr 2013"]
[Source "ChessBase"]
[SourceDate "2012.11.12"]
[SourceVersion "1"]
[SourceVersionDate "2012.11.12"]
[SourceQuality "1"]
[WhiteTeam "Italy"]
[BlackTeam "US of America"]
[WhiteTeamCountry "ITA"]
[BlackTeamCountry "USA"]

1. e4 e5 2. Nf3 Nc6 3. Bb5 a6 4. Ba4 Nf6 5. 0-0 Be7 6. Re1 0-0 7. c3 d6 8. h3 Be6 9. d4 exd4 10. cxd4 d5 11. e5 Ne4 12. Nc3 f5 13. exf6 Bxf6 14. Nxe4 dxe4 15. Rxe4 Bd5 16. Bb3 a5 17. Rg4 a4 18. Bxd5+ Qxd5 19. Be3 h5 20. Rf4 Ra5 21. h4 Rb5 22. Qc2 Ne7 23. Re1 Nf5 24. Bc1 c6 25. Qxa4 Rd8 26. Kh1 Ra5 27. Qc2 Nxd4 28. Nxd4 Bxd4 29. Bd2 Rb5 30. Qg6 Qd7 31. Bc3 Rd5 32. a4 Ra8 33. Ree4 Rf8 34. Rxd4 Rxd4 35. Rxd4 1-0

[Event "IECC Swiss-522.2"]
[Site "IECC email"]
[Date "2007.10.08"]
[Round "?"]
[White "Bladyko, Pawel"]
[Black "Coyne, David"]
[Result "1/2-1/2"]
[WhiteElo "1681"]
[BlackElo "1990"]
[PlyCount "120"]
[EventDate "2007.??.??"]
[EventType "swiss (corr)"]
[EventRounds "1"]
[SourceTitle "Corr 2020"]
[Source "ChessBase"]
[SourceDate "2019.09.30"]
[SourceVersion "1"]
[SourceVersionDate "2019.09.30"]
[SourceQuality "1"]
[WhiteTeam "Poland"]
[BlackTeam "England"]
[WhiteTeamCountry "POL"]
[BlackTeamCountry "ENG"]

1. e4 e5 2. Nf3 Nf6 3. Nxe5 d6 4. Nf3 Nxe4 5. Qe2 Qe7 6. d3 Nf6 7. Bg5 Qxe2+ 8. Bxe2 Be7 9. 0-0 h6 10. Bf4 Nc6 11. c4 Bf5 12. Nc3 0-0-0 13. Nb5 g5 14. Be3 d5 15. Nxa7+ Nxa7 16. Bxa7 b6 17. Ne5 Rde8 18. d4 Kb7 19. Bxb6 cxb6 20. cxd5 Rhf8 21. Bb5 Rd8 22. Bc6+ Ka6 23. a4 Nxd5 24. Bb5+ Kb7 25. Bc6+ Kc8 26. Rfc1 Nc7 27. a5 bxa5 28. Rxa5 f6 29. Nc4 Bg6 30. Nb6+ Kb8 31. Na8 Bb4 32. Ra4 Bd2 33. Rc5 Rfe8 34. Ra1 Rg8 35. g3 Bb4 36. Rc4 Be7 37. Nxc7 Kxc7 38. Ra7+ Kd6 39. Ba4 Rc8 40. Rd7+ Ke6 41. d5+ Kf7 42. Rxc8 Rxc8 43. d6 Ke6 44. dxe7 Ra8 45. Rd4 Kxe7 46. f4 Bf5 47. Kf2 Ra6 48. Ke3 Re6+ 49. Kd2 Ra6 50. Kc3 Be6 51. Bc2 f5 52. b4 Ra3+ 53. Kb2 Ra2+ 54. Kb1 Ra6 55. h4 Ra3 56. Rd3 Ra8 57. b5 gxf4 58. gxf4 Ra5 59. Kb2 Rxb5+ 60. Kc3 Rc5+ 1/2-1/2

[Event "IECC Swiss-516.3"]
[Site "IECC email"]
[Date "2007.09.25"]
[Round "?"]
[White "Miedema, Roi"]
[Black "Bladyko, Pawel"]
[Result "1/2-1/2"]
[WhiteElo "2237"]
[BlackElo "1698"]
[PlyCount "131"]
[EventDate "2007.??.??"]
[EventType "swiss (corr)"]
[EventRounds "1"]
[SourceTitle "Corr 2011"]
[Source "ChessBase"]
[SourceDate "2010.08.31"]
[SourceVersion "1"]
[SourceVersionDate "2010.08.31"]
[SourceQuality "1"]
[WhiteTeam "Netherlands"]
[BlackTeam "Poland"]
[WhiteTeamCountry "NED"]
[BlackTeamCountry "POL"]

1. d4 d5 2. c4 dxc4 3. e4 b5 4. a4 c6 5. axb5 cxb5 6. Nc3 Bd7 7. Nf3 e6 8. Be2 Nf6 9. 0-0 Bb4 10. Ne5 a5 11. Bg5 0-0 12. f4 Qb6 13. Bf3 Bc6 14. Bxf6 gxf6 15. Ng4 Rd8 16. Nxf6+ Kg7 17. Nh5+ Kh8 18. Qe1 Qxd4+ 19. Kh1 Be7 20. Rd1 Qc5 21. Rxd8+ Bxd8 22. Qg3 Qf8 23. f5 Nd7 24. e5 Bxf3 25. Qxf3 Be7 26. Qe2 Qb8 27. fxe6 fxe6 28. Rf7 Qe8 29. Rg7 b4 30. Ne4 Qf8 31. Neg3 Nc5 32. Qxc4 Rd8 33. h3 Rd2 34. Qc1 Qf2 35. Nf1 Nb3 36. Qc8+ Rd8 37. Qb7 Qxf1+ 38. Kh2 Qf5 39. Ng3 Qf8 40. Rxe7 Qh6 41. Qf3 Nd2 42. Qf6+ Qxf6 43. exf6 Kg8 44. Nh5 Rf8 45. Rg7+ Kh8 46. Ra7 Ne4 47. f7 Ng5 48. Rxa5 Nxf7 49. Rb5 e5 50. Rxb4 Nd6 51. Rb6 Nc4 52. Rb7 e4 53. Re7 e3 54. Kg3 Nxb2 55. Rxe3 Nc4 56. Re6 Na5 57. Kh4 Nb3 58. Rd6 Nc5 59. g4 Re8 60. Rc6 Ne6 61. g5 Nf8 62. Rc7 Re7 63. Rc8 Kg8 64. Kg4 Kf7 65. Rc4 Ng6 66. Ra4 1/2-1/2

[Event "IECC Swiss-529.1"]
[Site "IECC email"]
[Date "2007.09.09"]
[Round "?"]
[White "Bladyko, Pawel"]
[Black "Von Rosenberg, Clemens"]
[Result "1/2-1/2"]
[WhiteElo "1708"]
[BlackElo "1586"]
[PlyCount "58"]
[EventDate "2007.??.??"]
[EventType "swiss (corr)"]
[EventRounds "1"]
[SourceTitle "Corr 2011"]
[Source "ChessBase"]
[SourceDate "2010.08.31"]
[SourceVersion "1"]
[SourceVersionDate "2010.08.31"]
[SourceQuality "1"]
[WhiteTeam "Italy"]
[BlackTeam "Argentina"]
[WhiteTeamCountry "ITA"]
[BlackTeamCountry "ARG"]

1. e4 g6 2. d4 d6 3. Nc3 Bg7 4. Nf3 Nf6 5. Bd3 0-0 6. 0-0 Nc6 7. d5 Ne5 8. Nxe5 dxe5 9. Qf3 c6 10. dxc6 bxc6 11. h3 Qb6 12. Rd1 Rd8 13. a3 Be6 14. b4 a5 15. Na4 Qc7 16. Be3 Nd7 17. Nc5 Nxc5 18. Bxc5 Bh6 19. Rdb1 axb4 20. axb4 Bf4 21. Bf1 h6 22. g3 Bg5 23. Rd1 Kg7 24. Rxa8 Rxa8 25. h4 Bf6 26. Kh2 Ra2 27. Qc3 Qc8 28. Bc4 Bxc4 29. Qxc4 Qa6 1/2-1/2

[Event "IECC Swiss-515.3"]
[Site "IECC email"]
[Date "2007.08.14"]
[Round "?"]
[White "Bladyko, Pawel"]
[Black "Wozniak, Zbigniew"]
[Result "1/2-1/2"]
[WhiteElo "1703"]
[BlackElo "1837"]
[PlyCount "67"]
[EventDate "2007.??.??"]
[EventType "tourn (corr)"]
[EventRounds "1"]
[SourceTitle "Corr 2011"]
[Source "ChessBase"]
[SourceDate "2010.08.31"]
[SourceVersion "1"]
[SourceVersionDate "2010.08.31"]
[SourceQuality "1"]
[WhiteTeam "Netherlands"]
[BlackTeam "Poland"]
[WhiteTeamCountry "NED"]
[BlackTeamCountry "POL"]

1. e4 c5 2. Nf3 d6 3. d4 cxd4 4. Nxd4 Nf6 5. Nc3 a6 6. Bc4 e6 7. 0-0 b5 8. Bd3 Bb7 9. a3 Be7 10. b4 0-0 11. Bb2 Nbd7 12. Re1 Rc8 13. Nf3 Qc7 14. Qd2 e5 15. Nh4 g6 16. Nd1 Nxe4 17. Bxe4 Bxh4 18. Bxb7 Qxb7 19. Qxd6 Rxc2 20. Bxe5 Nxe5 21. Qxe5 Qb6 22. Qf4 Qd8 23. g3 Bg5 24. Qf3 Qd4 25. Rb1 Rc1 26. Rxc1 Bxc1 27. Ne3 Qc3 28. Qd1 Bb2 29. Nd5 Qxa3 30. Re3 Qa2 31. Qd2 Kg7 32. Nc7 Qa1+ 33. Re1 Qa3 34. Re3 1/2-1/2

[Event "IECC Swiss-527.1"]
[Site "IECC email"]
[Date "2007.08.01"]
[Round "?"]
[White "Bladyko, Pawel"]
[Black "Richard, Andy"]
[Result "1-0"]
[WhiteElo "1720"]
[BlackElo "1072"]
[PlyCount "27"]
[EventDate "2007.??.??"]
[EventType "swiss (corr)"]
[EventRounds "1"]
[SourceTitle "Corr 2020"]
[Source "ChessBase"]
[SourceDate "2019.09.30"]
[SourceVersion "1"]
[SourceVersionDate "2019.09.30"]
[SourceQuality "1"]
[WhiteTeam "Poland"]
[BlackTeam "Canada"]
[WhiteTeamCountry "POL"]
[BlackTeamCountry "CAN"]

1. e4 c6 2. d4 d5 3. e5 Bf5 4. Nf3 e6 5. c3 Nd7 6. Be2 Ne7 7. 0-0 h6 8. Nh4 Bh7 9. Qb3 Qc7 10. Be3 c5 11. Nd2 Rc8 12. Nhf3 Nf5 13. Qa4 a6 14. Bf4 1-0

[Event "IECC Swiss-526.1"]
[Site "IECC email"]
[Date "2007.07.01"]
[Round "?"]
[White "Bladyko, Pawel"]
[Black "Kis Kos, Laszlo"]
[Result "1-0"]
[WhiteElo "1702"]
[BlackElo "1295"]
[PlyCount "75"]
[EventDate "2007.??.??"]
[EventType "swiss (corr)"]
[EventRounds "1"]
[SourceTitle "Corr 2011"]
[Source "ChessBase"]
[SourceDate "2010.08.31"]
[SourceVersion "1"]
[SourceVersionDate "2010.08.31"]
[SourceQuality "1"]
[WhiteTeam "Netherlands"]
[BlackTeam "Australia"]
[WhiteTeamCountry "NED"]
[BlackTeamCountry "AUS"]

1. e4 c5 2. Nf3 d6 3. d4 cxd4 4. Nxd4 Nf6 5. Nc3 a6 6. Bc4 e6 7. 0-0 Be7 8. Re1 b5 9. Bb3 0-0 10. a3 Re8 11. Qf3 Bb7 12. Qg3 Nc6 13. Nxc6 Bxc6 14. Bh6 Nh5 15. Qg4 g6 16. Rad1 Bf8 17. Bxf8 Rxf8 18. e5 d5 19. Ne4 Qe7 20. Ng5 Ng7 21. c3 Rac8 22. Nf3 Rc7 23. Bc2 Rfc8 24. Qh3 Ne8 25. Qh6 Qf8 26. Qh4 Bb7 27. Ng5 Qg7 28. Bb3 h6 29. Nf3 Qh8 30. Nd4 Ng7 31. Rd3 Bc6 32. Rh3 h5 33. Qg5 Bb7 34. g4 Qh7 35. gxh5 Nxh5 36. Bd1 Kf8 37. Kh1 Qg8 38. Bxh5 1-0

[Event "IECC Swiss-507.4"]
[Site "IECC email"]
[Date "2007.05.13"]
[Round "?"]
[White "Von Rosenberg, Clemens"]
[Black "Bladyko, Pawel"]
[Result "0-1"]
[WhiteElo "1715"]
[BlackElo "1670"]
[PlyCount "48"]
[EventDate "2007.??.??"]
[EventType "tourn (corr)"]
[EventRounds "1"]
[SourceTitle "Corr 2011"]
[Source "ChessBase"]
[SourceDate "2010.08.31"]
[SourceVersion "1"]
[SourceVersionDate "2010.08.31"]
[SourceQuality "1"]
[WhiteTeam "US of America"]
[BlackTeam "Hungary"]
[WhiteTeamCountry "USA"]
[BlackTeamCountry "HUN"]

1. e4 e5 2. Nf3 Nc6 3. Bc4 Nf6 4. d3 Bc5 5. c3 Bb6 6. 0-0 0-0 7. Bg5 h6 8. Bh4 d6 9. Nbd2 g5 10. Bg3 g4 11. Ne1 Nh5 12. Bd5 Nxg3 13. hxg3 a6 14. Nc2 Ba7 15. Ne3 Bxe3 16. fxe3 Qg5 17. Qe2 Ne7 18. Rf2 Nxd5 19. exd5 f5 20. d4 exd4 21. exd4 Bd7 22. Rf4 Rae8 23. Qc4 Qd8 24. Qxc7 Qxc7 0-1

[Event "IECC Swiss-501.4"]
[Site "IECC email"]
[Date "2007.04.21"]
[Round "?"]
[White "Blackman, Leon"]
[Black "Bladyko, Pawel"]
[Result "1-0"]
[WhiteElo "1683"]
[BlackElo "1697"]
[PlyCount "127"]
[EventDate "2007.??.??"]
[EventType "swiss (corr)"]
[EventRounds "1"]
[SourceTitle "Corr 2020"]
[Source "ChessBase"]
[SourceDate "2019.09.30"]
[SourceVersion "1"]
[SourceVersionDate "2019.09.30"]
[SourceQuality "1"]
[WhiteTeam "Australia"]
[BlackTeam "Poland"]
[WhiteTeamCountry "AUS"]
[BlackTeamCountry "POL"]

1. c4 e5 2. Nc3 Nc6 3. g3 Nf6 4. Bg2 Bb4 5. Nd5 Ba5 6. Qa4 Nxd5 7. cxd5 Nd4 8. Qxa5 Nc2+ 9. Kf1 Nxa1 10. Qc3 d6 11. b4 f6 12. d3 Qd7 13. Qxa1 a5 14. bxa5 Rxa5 15. Bd2 Ra6 16. a3 Qa4 17. Qc3 Qxa3 18. Qxc7 Qa1+ 19. Be1 0-0 20. Qc3 Qd1 21. Qd2 Qb1 22. Qb4 Qd1 23. h3 Ra1 24. Nf3 Bf5 25. Qxd6 Ra2 26. Kg1 Qxe2 27. Kh2 Bxd3 28. Qe6+ Kh8 29. d6 Ra1 30. Qe7 Raa8 31. Nd2 Bf5 32. Qxb7 Rfd8 33. g4 Bg6 34. Qd5 Ra4 35. Qc5 Qd3 36. Bd5 Rd4 37. Qc7 Rf8 38. Bc4 Qa3 39. Nb3 Rxc4 40. Qxc4 Qxd6 41. Bb4 Qb6 42. Qc5 Rb8 43. Ra1 Qb7 44. Ra7 Qf3 45. Nd2 Qf4+ 46. Kg1 h5 47. Rxg7 Kxg7 48. Qc7+ Bf7 49. Qxb8 hxg4 50. Bf8+ Kg6 51. Qb1+ Qf5 52. hxg4 Qxb1+ 53. Nxb1 f5 54. gxf5+ Kxf5 55. Nc3 e4 56. Kg2 Kf4 57. Bd6+ Kf5 58. Kg3 Bc4 59. Bc7 Bd3 60. Nd5 Kg5 61. Ne3 Kf6 62. Kf4 Ke6 63. Be5 Ke7 64. Nd1 1-0

[Event "IECC Swiss-499.4"]
[Site "IECC email"]
[Date "2007.02.20"]
[Round "?"]
[White "Bladyko, Pawel"]
[Black "Hassan, William"]
[Result "1/2-1/2"]
[WhiteElo "1692"]
[BlackElo "1874"]
[PlyCount "111"]
[EventDate "2007.??.??"]
[EventType "swiss (corr)"]
[EventRounds "1"]
[SourceTitle "Corr 2011"]
[Source "ChessBase"]
[SourceDate "2010.08.31"]
[SourceVersion "1"]
[SourceVersionDate "2010.08.31"]
[SourceQuality "1"]
[WhiteTeam "Australia"]
[BlackTeam "Belgium"]
[WhiteTeamCountry "AUS"]
[BlackTeamCountry "BEL"]

1. e4 d6 2. Nc3 c5 3. Nf3 Nc6 4. d4 cxd4 5. Nxd4 Nf6 6. Bb5 Bd7 7. Bg5 a6 8. Nxc6 bxc6 9. Bc4 Qa5 10. Qd2 h6 11. Be3 Ng4 12. Ne2 Qxd2+ 13. Bxd2 Nf6 14. Bd3 e5 15. Bc3 Be7 16. 0-0 0-0 17. Rad1 Rfe8 18. h3 Be6 19. a3 Bd8 20. Rfe1 Nd7 21. b4 Bb6 22. Ng3 a5 23. b5 cxb5 24. Bxb5 Rec8 25. Rd3 Bc4 26. Bxc4 Rxc4 27. Kf1 Nc5 28. Rxd6 Rxc3 29. Rxb6 g6 30. Reb1 a4 31. R6b2 Rxa3 32. Ke1 Kg7 33. Kd2 Rd8+ 34. Ke1 Kf6 35. f3 Ra8 36. Nf1 Kg5 37. Kf2 Rd8 38. Ne3 f5 39. exf5 gxf5 40. h4+ Kxh4 41. Nxf5+ Kg5 42. Ne3 Rd2+ 43. Ke1 Rd4 44. Kf2 Rc3 45. Rb8 Rd2+ 46. Ke1 Rd6 47. Rg8+ Kf6 48. Rf8+ Kg6 49. Ke2 Ne6 50. Rg8+ Kh7 51. Rg3 Nd4+ 52. Kf1 Rc7 53. Rb8 Ra7 54. Rgg8 a3 55. Rh8+ Kg6 56. Rhg8+ 1/2-1/2